SAT Words Click Quiz - J - Statistics

General Stats
  • This quiz has been taken 795 times
  • The average score is 11 of 15
Answer Stats
Hint Answer % Correct
One who performs as a fool Jester
95%
Rough, sharp, or irregular Jagged
92%
Placing two objects side-by-side for comparison Juxtaposition
90%
Showing good judgment Judicious
89%
Danger or risk Jeopardy
88%
Extremely joyful Jubilant
88%
Worn down by overwork Jaded
78%
Military dictatorship Junta
77%
A worn out or old vehicle Jalopy
74%
Discard as unnecessary Jettison
72%
Extremely patriotic Jingoistic
72%
Lively and carefree Jaunty
63%
Be in agreement Jibe
56%
A joke or a trick Jape
50%
Immature or simplistic; dull Jejune
50%
No matching quizzes found
Score Distribution
Percent of People with Each Score
Percentile by Number Answered
Your Score History
You have not taken this quiz